BSOP header

Early Arianism--a view of salvation / (Record no. 40071)

MARC details
000 -LEADER
fixed length control field 00840pam a2200253 i 4500
001 - CONTROL NUMBER
control field 1807994
005 - DATE AND TIME OF LATEST TRANSACTION
control field 20190806131633.0
008 - FIXED-LENGTH DATA ELEMENTS--GENERAL INFORMATION
fixed length control field 800527s1981 pau b 001 0 eng
020 ## - INTERNATIONAL STANDARD BOOK NUMBER
International Standard Book Number 0800605764 :
Terms of availability $24.95
040 ## - CATALOGING SOURCE
Original cataloging agency DLC
Transcribing agency DLC
Modifying agency DLC
100 1# - MAIN ENTRY--PERSONAL NAME
Personal name Gregg, Robert C.
245 10 - TITLE STATEMENT
Title Early Arianism--a view of salvation /
Statement of responsibility, etc Robert C. Gregg and Dennis E. Groh.
260 ## - PUBLICATION, DISTRIBUTION, ETC. (IMPRINT)
Place of publication, distribution, etc Philadelphia :
Name of publisher, distributor, etc Fortress Press,
Date of publication, distribution, etc c1981.
300 ## - PHYSICAL DESCRIPTION
Extent xiv, 209 p. ;
Dimensions 24 cm.
336 ## - CONTENT TYPE
Content Type Term text
337 ## - MEDIA TYPE
Media Type Term unmediated
338 ## - CARRIER TYPE
Carrier Type Term volume
504 ## - BIBLIOGRAPHY, ETC. NOTE
Bibliography, etc Includes bibliographical references and indexes.
600 00 - SUBJECT ADDED ENTRY--PERSONAL NAME
Personal name Jesus Christ
General subdivision History of doctrines
Chronological subdivision Early church, ca. 30-600.
650 #0 - SUBJECT ADDED ENTRY--TOPICAL TERM
Topical term or geographic name as entry element Arianism.
650 #0 - SUBJECT ADDED ENTRY--TOPICAL TERM
Topical term or geographic name as entry element Salvation
General subdivision Christianity
-- History of doctrines
Chronological subdivision Early church, ca. 30-600.
700 1# - ADDED ENTRY--PERSONAL NAME
Personal name Groh, Dennis,
Relator term joint author.
942 ## - ADDED ENTRY ELEMENTS (KOHA)
Source of classification or shelving scheme Library of Congress Classification
Item type Books
Holdings
Withdrawn status Lost status Source of classification or shelving scheme Damaged status Not for loan Home library Current library Shelving location Date acquired Source of acquisition Inventory number Total Checkouts Full call number Barcode Date last seen Price effective from Koha item type Cost, normal purchase price Copy number
    Library of Congress Classification     BSOP Library BSOP Library GC 08/22/2016   38419   BT1350 G86 1981 00048419 08/22/2016 08/22/2016 Books    
    Library of Congress Classification     BSOP Library BSOP Library GC 07/18/2019   11734   BT1350 G86 1981 c.2 00019290 07/18/2019 07/18/2019 Books 175.60 c.2
BSOP

Biblical Seminary of the Philippines
  All rights Reserved
  © 2024

CONTACT INFORMATION

Biblical Seminary of the Philippines,
  77-B Karuhatan Road, Valenzuela City,
  PHILIPPINES 1441
  Phone: +632 8292-6795 / 8292-6798
  Fax : +632 8292-6675
  Email: library@bsop.edu.ph